| 000 | 00778nam a2200229 a 4500 | ||
|---|---|---|---|
| 005 | 20210223130538.0 | ||
| 008 | 080722s1981 mx r 000 0 spa d | ||
| 035 | _aUPN01000157846 | ||
| 049 | _aUNE | ||
| 080 | _a372.36 (6) =20 KIM No.59. | ||
| 100 | 1 | _aKiminyo, Daniel M. | |
| 245 | 1 | 0 |
_aCognitive development in Africa children : _ba resource document / _cby Daniel M. Kiminyo. |
| 260 |
_aParís : _bUNESCO ; _aNew York : _bUNICEF ; _c1981. |
||
| 300 | _a8 p. | ||
| 440 | 0 |
_aNotes, Comments... ; _v59 |
|
| 690 | _aEducacion preescolar - Desarrollo del niño - Africa | ||
| 690 | _aNiños de edad preescolar - Cognicion - Africa | ||
| 690 | _aAfrica - Educacion preescolar - Procesos de aprendizaje | ||
| 710 | 2 | _aUNESCO | |
| 710 | 2 |
_aUNICEF _924085 |
|
| 905 | _aUNESCO | ||
| 999 |
_c129960 _d129960 |
||